000 01223nam a2200277 a 4500
003 AM-YeHGA
005 20250617154859.0
008 180920s1951 kz |||||r|||||001|1|rus||
040 _aAM-YeHGA
041 1 _arus
_hkaz
100 1 _aНурушев, Сабит Нурушевич
245 1 0 _aТворческое наследие И.А. Крылова в казахской литературе XIX века /
_cС. Н. Нурушев ; АН КазССР.
260 _aАлма-Ата :
_bИзд-во АН КазССР,
_c1951.
300 _a104 с. ;
_c22 см.
504 _aБиблиогр. в подстроч. примеч.
546 _aКн. част. на каз. яз.
600 1 4 _aАбай
650 1 4 _aХудожественная литература
_zКазахстан
650 1 4 _aКазахская литература
653 0 _aРусско-казахские литературные связи - 19 в.
653 0 _aКазахская литература - Влияние русской литературы
700 1 _aКрылов, Иван Андреевич
710 2 _aАкадемия наук Казахской ССР
942 _2udc
_cBK
090 _c424103
999 _c421689
_d421689